000 00580nam a22001937a 4500
999 _c3839
_d3839
003 AR-CdUCM
008 190307b ||||| |||| 00| 0 esp d
020 _aISBN
040 _aMUNICIPALIDAD PROVINCIAL DEL CUSCO
_cBIBLIOTECA MUNICIPAL DEL CUSCO
082 _a863.4 /
_bSA25
100 _aSantander, Felipe
_912351
245 _aEl extensionista /
260 _aLa Habana :
_bCasa de las Américas,
_c1980.
300 _a112 paginas ;
_c20 cm.
500 _aDonación de la familia Luis Nieto.
650 _aTeatro latinoamericano
_98298
942 _2ddc
_cLIBROS
945 _aacrt